| 000 | 00569nam a22001697a 4500 | ||
|---|---|---|---|
| 003 | NUST | ||
| 038 | _aNusrat Nadeem | ||
| 082 | _a200 | ||
| 100 |
_aAzhar, Mahnoor _9122990 |
||
| 245 |
_aCultural Adjustment of Expatriates’ Spouses and Organization Contribution in Pakistan/ _cMahnoor Azhar |
||
| 264 |
_aIslamabad, _bNBS NUST, _c2024. |
||
| 300 |
_a137,p; _bill; _c30,cm. |
||
| 650 |
_aMS-Management and Human Resource _9122991 |
||
| 700 |
_aSupervisor:Dr. Safa Riaz. _9123060 |
||
| 856 | _u http://10.250.8.41:8080/xmlui/handle/123456789/43499 | ||
| 942 |
_2ddc _cTHE |
||
| 999 |
_c609338 _d609338 |
||